书目信息 |
| 题名: |
素质教育与大学使命
|
|
| 作者: | 郭大成 主编 | |
| 分册: | ||
| 出版信息: | 北京 北京理工大学出版社 2013 |
|
| 页数: | 308页 | |
| 开本: | 24cm | |
| 丛书名: | ||
| 单 册: | ||
| 中图分类: | G640-53 | |
| 科图分类: | ||
| 主题词: | 大学生--素质教育--文集 , 大学生 , 素质教育 | |
| 电子资源: | ||
| ISBN: | 978-7-5640-8370-0 | |
| 000 | 01455nam0 2200277 450 | |
| 001 | 523 | |
| 005 | 20140910081457.28 | |
| 010 | @a978-7-5640-8370-0@dCNY59.00 | |
| 100 | @a20131216d2013 em y0chiy50 ea | |
| 101 | 0 | @achi |
| 102 | @aCN@b110000 | |
| 105 | @ay z 000yy | |
| 106 | @ar | |
| 200 | 1 | @a素质教育与大学使命@ASu Zhi Jiao Yu Yu Da Xue Shi Ming@e2011年大学素质教育高层论坛论文集@E2011 Nian Da Xue Su Zhi Jiao Yu Gao Ceng Lun Tan Lun Wen Ji@dAll-round education and the mission of university@e2011 forum on China liberal education@f郭大成主编@FGuo Da Cheng Zhu Bian@zeng |
| 210 | @a北京@c北京理工大学出版社@d2013 | |
| 215 | @a308页@d24cm | |
| 330 | @a本书为2011年11月在北京理工大学举办的大学素质教育研究会成立大会暨高层论坛论文集。书中精选了37篇论文,包括《文化素质教育的历程、现状与前景》、《关于大学生文化素质教育几个实践问题的思考》、《对创新大学文化素质教育课程设计理念的思考》、《高校教师在通识教育背景下应具备的基本素质》、《对我国研究型大学文化素质教育课程改革的几点思考》等文章。 | |
| 510 | 1 | @aAll-round education and the mission of university@e2011 forum on China liberal education@zeng |
| 517 | 1 | @a2011年大学素质教育高层论坛论文集@A2011 Nian Da Xue Su Zhi Jiao Yu Gao Ceng Lun Tan Lun Wen Ji |
| 606 | 0 | @a大学生@x素质教育@j文集 |
| 606 | 0 | @a大学生 |
| 606 | 0 | @a素质教育 |
| 690 | @aG640-53@v5 | |
| 701 | 0 | @a郭大成@AGuo Da Cheng@f(1951~)@4主编 |
| 801 | 0 | @aCN@bTANGWEI@c20140603 |
| 905 | @b0839485-87@dG640-53@e608@f3 | |
| 素质教育与大学使命:2011年大学素质教育高层论坛论文集=All-round education and the mission of university:2011 forum on China liberal education/郭大成主编.-北京:北京理工大学出版社,2013 |
| 308页;24cm |
| ISBN 978-7-5640-8370-0:CNY59.00 |
| 本书为2011年11月在北京理工大学举办的大学素质教育研究会成立大会暨高层论坛论文集。书中精选了37篇论文,包括《文化素质教育的历程、现状与前景》、《关于大学生文化素质教育几个实践问题的思考》、《对创新大学文化素质教育课程设计理念的思考》、《高校教师在通识教育背景下应具备的基本素质》、《对我国研究型大学文化素质教育课程改革的几点思考》等文章。 |
| ● |
| 相关链接 |
|
|
|
|
正题名:素质教育与大学使命
索取号:G640-53/608
 
预约/预借
| 序号 | 登录号 | 条形码 | 馆藏地/架位号 | 状态 | 备注 |
| 1 | 0839485 | 208394851 | 第一样本阅览室/ [索取号:G640-53/608] | 在馆 | |
| 2 | 0839486 | 208394860 | 密集书库-物理学院/ [索取号:G640-53/608] | 在馆 | |
| 3 | 0839487 | 208394879 | 第四借阅区/ [索取号:G640-53/608] | 在馆 |